| 000 | 01590cas a22003971i 4500 | ||
|---|---|---|---|
| 999 |
_c23716 _d23716 |
||
| 001 | vtls002487677 | ||
| 003 | NUKAT | ||
| 005 | 20191018112500.0 | ||
| 008 | 120511d19892002xxkbr p| | |0 |0eng c | ||
| 022 | _a0954-0695 | ||
| 035 | _axx002487677 | ||
| 039 | 9 |
_a201907300140 _bVLOAD _c201907290217 _dVLOAD _c201906111101 _dkopwat _c201205171327 _damgdy |
|
| 040 |
_aGDY 17/HB _cGDY 17/IK _bWA 310/bw |
||
| 210 | 1 | _aElectron. Commun. Eng. J. | |
| 222 | 0 | _aElectronics & Communication Engineering Journal | |
| 245 | 0 | 0 | _aElectronics & Communication Engineering Journal. |
| 246 | 1 | _aElectronics and Communication Engineering Journal | |
| 260 |
_aLondon : _bInstitution of Electrical Engineers, _c1989-2002. |
||
| 300 | _c30 cm. | ||
| 310 | _aDwumies. | ||
| 336 |
_aTekst _btxt _2rdacontent |
||
| 337 |
_aBez urządzenia pośredniczącego _bn _2rdamedia |
||
| 338 |
_aWolumin _bnc _2rdacarrier |
||
| 362 | 0 | _aVol. 1, no. 1 (Jan.-Feb. 1989)-Vol. 14, no. 6 (Dec. 2002). | |
| 650 |
_aElektrotechnika _vczasopisma. |
||
| 650 |
_aTelekomunikacja _vczasopisma. _91221 |
||
| 650 |
_aElektronika _vczasopisma. _91536 |
||
| 710 | 2 |
_aInstitution of Electrical Engineers. _91519 |
|
| 780 | 0 | 0 |
_tJournal of the Institution of Electronic and Radio Engineers _x0267-1689 |
| 785 | 1 | 6 |
_tCommunications Engineer _x1479-8352 _w23904 |
| 785 | 1 | 6 | _tElectronics Systems and Software |
| 856 | 4 | 2 | _uhttp://ieeexplore.ieee.org/xpl/RecentIssue.jsp?punumber=2219 |
| 942 |
_2ddc _cCR |
||